00478nam a2200145Ia 4500008004100000082001700041100004800058245004000106250000600146260005200152300000800204630004000212700004000252730004000292100122s9999 xx 000 0 und d b54296a923.6 aनारायण जयप्रकाश aस्वगत (क.क्र.4/1) a2 bपरचुरे प्रक ाशनc1997 a147 aस्वगत (क.क्र.4/1) aदेशपांडे पु ल aस्वगत (क.क्र.4/1)